MARC details
| 000 -LEADER |
| campo de control de longitud fija |
01478nam a2200385 i 4500 |
| 001 - NÚMERO DE CONTROL |
| campo de control |
196824 |
| 003 - IDENTIFICADOR DE NÚMERO DE CONTROL |
| campo de control |
ES-MaACL |
| 005 - FECHA Y HORA DE LA ÚLTIMA TRANSACCIÓN |
| campo de control |
20250825062748.0 |
| 008 - DATOS DE LONGITUD FIJA--INFORMACIÓN GENERAL |
| campo de control de longitud fija |
241219m20239999sp a | |||| 000 0bspa |
| 015 ## - NÚMERO DE BIBLIOGRAFÍA NACIONAL |
| Número de bibliografía nacional |
MON23 |
| 017 ## - NÚMERO DE COPYRIGHT O DE DEPÓSITO LEGAL |
| Número de copyright o de depósito legal |
SE 565-2023 |
| Agencia que asigna |
Oficina Depósito Legal Sevilla |
| 020 ## - NÚMERO INTERNACIONAL ESTÁNDAR DEL LIBRO |
| Número Internacional Estándar del Libro |
9788418239892 |
| 035 ## - NÚMERO DE CONTROL DEL SISTEMA |
| Número de control de sistema |
(SpMaBN)a7337216 |
| 040 ## - FUENTE DE CATALOGACIÓN |
| Centro catalogador/agencia de origen |
SpMaBN |
| Lengua de catalogación |
spa |
| Centro/agencia transcriptor |
SpMaBN |
| Normas de descripción |
rda |
| 080 ## - NÚMERO DE LA CLASIFICACIÓN DECIMAL UNIVERSAL |
| Número de la Clasificación Decimal Universal |
929 Morente, Enrique |
| 100 1# - ENTRADA PRINCIPAL--NOMBRE DE PERSONA |
| Nombre de persona |
Ortiz Nuevo, José Luis, |
| Fechas asociadas al nombre |
1948- |
| 9 (RLIN) |
239394 |
| Término indicativo de función/relación |
Autor |
| 245 10 - MENCIÓN DEL TÍTULO |
| Título |
Libro de Morente : |
| Resto del título |
El impulso del riego 1969-1976 / |
| Mención de responsabilidad, etc. |
José Luis Ortiz Nuevo ; prólogo de José Javier León ; epílogo de Antonio Molina Flores |
| 250 ## - MENCION DE EDICION |
| Mención de edición |
Primera edición: abril 2023 |
| 264 #1 - PRODUCCIÓN, PUBLICACIÓN, DISTRIBUCIÓN, FABRICACIÓN Y COPYRIGHT |
| Producción, publicación, distribución, fabricación y copyright |
Sevilla : |
| Nombre del de productor, editor, distribuidor, fabricante |
Athenaica Ediciones, |
| Fecha de producción, publicación, distribución, fabricación o copyright |
[2023-]. |
| 264 #4 - PRODUCCIÓN, PUBLICACIÓN, DISTRIBUCIÓN, FABRICACIÓN Y COPYRIGHT |
| Fecha de producción, publicación, distribución, fabricación o copyright |
©2023 |
| 300 ## - DESCRIPCIÓN FÍSICA |
| Extensión |
357 páginas : |
| Otras características físicas |
fotografías (blanco y negro) ; |
| Dimensiones |
24 cm |
| 336 ## - TIPO DE CONTENIDO |
| Término de tipo de contenido |
Texto |
| Fuente |
rdacontent |
| 337 ## - TIPO DE MEDIO |
| Nombre/término del tipo de medio |
sin mediación |
| Fuente |
rdamedia |
| 338 ## - TIPO DE SOPORTE |
| Nombre/término del tipo de soporte |
volumen |
| Fuente |
rdacarrier |
| 490 1# - MENCIÓN DE SERIE |
| Mención de serie |
Flamenco y cultura popular |
| 600 10 - PUNTO DE ACCESO ADICIONAL DE MATERIA--NOMBRE DE PERSONA |
| Nombre de persona |
Morente, Enrique, |
| Fechas asociadas al nombre |
1942-2010 |
| Fuente del encabezamiento o término |
embne |
| 9 (RLIN) |
239395 |
| 655 #0 - TERMINO DE INDIZACIÓN--GENERO/FORMA |
| Datos o término principal de género/forma |
Biografías |
| 9 (RLIN) |
176647 |
| 700 1# - ENTRADA AGREGADA--NOMBRE PERSONAL |
| Nombre de persona |
León, José Javier |
| 9 (RLIN) |
239396 |
| Término indicativo de función/relación |
Autor de introducción |
| 700 1# - ENTRADA AGREGADA--NOMBRE PERSONAL |
| Nombre de persona |
Molina Flores, Antonio |
| 9 (RLIN) |
239397 |
| Término indicativo de función/relación |
Autor de epílogo, colofón, etc. |
| 852 ## - LOCALIZACIÓN |
| Ubicación |
ES-MaACL |
| Ubicación en estantería |
Depósito J |
| Número de control de estantería |
N-10211 |
| Encuadernación |
Encuadernación rústica con solapas |
| itemnumber |
206338 |
| 942 ## - ELEMENTOS DE ENTRADA SECUNDARIOS (KOHA) |
| Tipo de ítem Koha |
Libro impreso |
| Suprimir en OPAC |
No |